| 000 | 00626nam a2200217 a 4500 | ||
|---|---|---|---|
| 005 | 20230331112139.0 | ||
| 008 | 991125s1993 mx 000 0 spa u | ||
| 020 | _a9684563140 | ||
| 035 | _aUPN01000035700 | ||
| 040 |
_aUPN _bspa _cUPN |
||
| 049 | _aCG | ||
| 050 | 4 |
_aH61 _bH3.48 |
|
| 100 | 1 |
_aHabermas, Jürgen, _d1929- _928383 |
|
| 245 | 1 | 3 |
_aLa lógica de las ciencias sociales / _cJürgen Habermas ; tr. Manuel Jiménez Redondo. |
| 260 |
_aMéxico : _bRei-México, _c1993. |
||
| 300 | _a506 p. | ||
| 440 | 0 | _aUniversitaria | |
| 650 | 4 |
_aCiencias sociales _xMetodología _96208 |
|
| 905 | _aLibro | ||
| 942 |
_2lcc _cLIBRO |
||
| 999 |
_c35700 _d35700 |
||